| 000 | 00413nam a2200181Ia 4500 | ||
|---|---|---|---|
| 001 | 19685 | ||
| 005 | 20260306172711.0 | ||
| 008 | 260306t2009||||xx |||||||||||||| ||spa|| | ||
| 041 | _aESP | ||
| 082 |
_a341 _bD211 |
||
| 100 |
_aDabin, J. _eAUT |
||
| 245 | 0 | _aTeoría general del derecho | |
| 260 | _c2009 | ||
| 300 |
_a493 páginas : _c21 cm. |
||
| 650 | _aGEN | ||
| 654 | _aCDE | ||
| 942 |
_cLIB _dJUS _fJUS _2ddc _n |
||
| 999 |
_c19685 _d19685 |
||